Word Games: 4-in-1 Quiz Stats

 Plays Quiz Updated Jun 8, 2012

Also try: Spelling Bee Words
Challenge
Share
Tweet
Embed
Score 0/24 Timer 06:00
1 Play Today
Game Answer % Correct
Body Part Word Search
Find the body parts (up, down, forwards, backwards, or diagonally) in this word search.
Foot
92.9%
Abridged Words
Figure out the words (no proper nouns) that are missing their first and last letters.
Purple
90.9%
Body Part Word Search
Find the body parts (up, down, forwards, backwards, or diagonally) in this word search.
Head
82%
Five Letters, Two Words
Find the only five-letter word that is an anagram of these words.
Brush
80.9%
Body Part Word Search
Find the body parts (up, down, forwards, backwards, or diagonally) in this word search.
Tongue
80.3%
Fruit Cryptograms
Decipher the fruits from their cryptograms. Each fruit's code is the same. For starters, Y means A.
Banana
76.6%
Five Letters, Two Words
Find the only five-letter word that is an anagram of these words.
Broth
74.9%
Body Part Word Search
Find the body parts (up, down, forwards, backwards, or diagonally) in this word search.
Lip
74.3%
Five Letters, Two Words
Find the only five-letter word that is an anagram of these words.
Zebra
70.4%
Body Part Word Search
Find the body parts (up, down, forwards, backwards, or diagonally) in this word search.
Hand
69.8%
Abridged Words
Figure out the words (no proper nouns) that are missing their first and last letters.
String
69.6%
Body Part Word Search
Find the body parts (up, down, forwards, backwards, or diagonally) in this word search.
Arm
68.6%
Game Answer % Correct
Abridged Words
Figure out the words (no proper nouns) that are missing their first and last letters.
Island
66.9%
Abridged Words
Figure out the words (no proper nouns) that are missing their first and last letters.
Salmon
65%
Abridged Words
Figure out the words (no proper nouns) that are missing their first and last letters.
Pencil
61.5%
Five Letters, Two Words
Find the only five-letter word that is an anagram of these words.
Night
53.7%
Abridged Words
Figure out the words (no proper nouns) that are missing their first and last letters.
Zodiac
52.4%
Fruit Cryptograms
Decipher the fruits from their cryptograms. Each fruit's code is the same. For starters, Y means A.
Lemon
52.2%
Fruit Cryptograms
Decipher the fruits from their cryptograms. Each fruit's code is the same. For starters, Y means A.
Pineapple
49.7%
Fruit Cryptograms
Decipher the fruits from their cryptograms. Each fruit's code is the same. For starters, Y means A.
Blueberry
49.7%
Five Letters, Two Words
Find the only five-letter word that is an anagram of these words.
Exist
47.7%
Fruit Cryptograms
Decipher the fruits from their cryptograms. Each fruit's code is the same. For starters, Y means A.
Apricot
47.6%
Fruit Cryptograms
Decipher the fruits from their cryptograms. Each fruit's code is the same. For starters, Y means A.
Tomato
45.8%
Five Letters, Two Words
Find the only five-letter word that is an anagram of these words.
Among
20.5%

You're not logged in!

Compare scores with friends on all Sporcle quizzes.
OR
Log In

You Might Also Like...

Show Comments

Extras

Top Quizzes Today


Score Distribution

Your Account Isn't Verified!

In order to create a playlist on Sporcle, you need to verify the email address you used during registration. Go to your Sporcle Settings to finish the process.

Report this User

Report this user for behavior that violates our Community Guidelines.

Details: